000 00846nam a2200253 a 4500
001 BRCA_4880
005 20190320204837.0
008 141010c1974----it-ao#####---#000-0#eng-#
041 _aeng
044 _ait
050 4 _aPG7297
_b.T67 1974
245 1 0 _aToscana
_cby Umberto Baldini... [et al.] ; text translated by Rudolf G. Carpanini ... [et al.]
260 _aItalia
_bElecta
_c1974
300 _a511 p.
_bil. (algunas a color), 522 láminas
_c31 cm.
440 0 _aBanca Nacionale del Laboro
_912360
500 _aIncluye índice de ilustraciones
500 _aColección Sonia Corcuera de Mancera
504 _aBibliografía : p. 493-499
651 4 _aToscana
_vCátalogos
_xarte e historia
_zItalia
_912361
700 1 _aCarpanini, Rudolf G.
_eTraductor
_912362
700 1 _aBaldini, Umberto
_912363
902 _aDSC
942 _2lcc
_cB
999 _c4574
_d4574